|
|
|
|
| LEADER |
00000nam2a2200000 4500 |
| 001 |
162306 |
| 005 |
20231031160327.0 |
| 035 |
|
|
|a (RuTPU)RU\TPU\book\176018
|
| 090 |
|
|
|a 162306
|
| 100 |
|
|
|a 20090619d1963 k y0rusy50 ca
|
| 101 |
0 |
|
|a rus
|
| 102 |
|
|
|a KZ
|a RU
|
| 105 |
|
|
|a y z 001zy
|
| 200 |
0 |
|
|a Т. 36: Западный Казахстан. Период 1951-1955. Вып. II: Рукописные работы
|f Академия наук Казахской ССР (АН КазССР)
|
| 210 |
|
|
|a Алма-Ата
|d 1963
|
| 215 |
|
|
|a 272 с.
|
| 320 |
|
|
|a Авторский указатель: с. 240-246.
|
| 320 |
|
|
|a Предметно-систематический указатель: с. 247-249.
|
| 320 |
|
|
|a Географический указатель: с. 250-264.
|
| 320 |
|
|
|a Указатель минералов, полезных ископаемых и месторождений: с. 265-272.
|
| 461 |
|
1 |
|0 (RuTPU)RU\TPU\book\58444
|t Геологическая изученность СССР
|o [обзорные главы, рефераты, аннотации и библиографические справки]
|f Академия Наук СССР, Комиссия по геологической изученности СССР ; гл. ред. Д. В. Наливкин
|v Т. 36: Западный Казахстан. Период 1951-1955. Вып. II: Рукописные работы
|d 1961-1988
|
| 610 |
1 |
|
|a геологическая изученность
|
| 610 |
1 |
|
|a СССР
|
| 610 |
1 |
|
|a Казахская ССР
|
| 610 |
1 |
|
|a обзоры
|
| 610 |
1 |
|
|a рефераты
|
| 610 |
1 |
|
|a рукописные работы
|
| 610 |
1 |
|
|a Западный Казахстан
|
| 675 |
|
|
|a 55(574.1)
|v 3
|
| 712 |
0 |
2 |
|a Академия наук Казахской ССР (АН КазССР)
|c (Алма-Ата)
|2 stltpush
|3 (RuTPU)RU\TPU\col\4941
|
| 801 |
|
1 |
|a RU
|b 63413507
|c 20090619
|g PSBO
|
| 801 |
|
2 |
|a RU
|b 63413507
|c 20100903
|g RCR
|
| 942 |
|
|
|c BK
|